Ecosistemas de los Andes colombianos (Registro nro. 5566)

Detalles MARC
000 -CABECERA
Campo de control 00614nam a2200229 a 4500
005 - FECHA Y HORA DE LA ULTIMA TRANSACCION
Campo de control 20150710020002.0
008 - ELEMENTOS DE LONGITUD FIJA—INFORMACION GENERAL
Campo de control 140127b2006 ck ||||| |||| 00| 0 spa d
020 ## - ISBN
ISBN 9588151309
041 ## - IDIOMA
Código de idioma para texto/pista de sonido o título separado Español
044 ## - PAÍS DE PUBLICACIÓN
País de publicación Colombia
082 04 - NUMERO DE CLASIFICACION DECIMAL DEWEY
Número de clasificación 574.526
Número del ítem R696e2
090 ## - CLASIFICACIÓN LOCAL
Colección IAVH
Consecutivo 00706
100 ## - ASIENTO PRINCIPAL--NOMBRE PERSONAL
Nombre personal Rodríguez, Nelly
245 ## - MENCION DE TITULO
Título Ecosistemas de los Andes colombianos
260 ## - PUBLICACION, DISTRIBUCION, ETC. (PIE DE IMPRENTA)
Lugar de publicación, distribución, etc. Bogotá
Nombre del editor, distribuidor, etc. Instituto Alexander von Humboldt
Fecha de publicación, distribución, etc. 2006
300 ## - DESCRIPCION FISICA
Extensión 154 p.
700 ## - ASIENTO SECUNDARIO - NOMBRE PERSONAL
Nombre personal Armenteras, Dolors
700 ## - ASIENTO SECUNDARIO - NOMBRE PERSONAL
Nombre personal Morales, Mónica
700 ## - ASIENTO SECUNDARIO - NOMBRE PERSONAL
Nombre personal Romero, Milton
942 ## - ELEMENTOS ADICIONALES (KOHA)
Tipo de ítem CD-ROM
Koha issues (borrowed), all copies 2
Sistema de clasificación Local
945 ## - PROCESAMIENTO LOCAL
AAAA-MM-DD - Fecha de ingreso o modificacion 2007-06-04
Existencias
Withdrawn status Lost status Sistema de Clasificación Damaged status No para préstamo Colección Ubicación Permanente Ubicación actual Fecha de adquisición Fuente de Valor Total Checkouts Número topográfico Inventario / Código de Barras Date last seen Ejemplar Price effective from Forma de adquisición Tipo de material Inventariado Valor Date checked out
    Dewey Decimal Classification     Humboldt Bogotá Bogotá 04/06/2007 Instituto 1 IAVH-574.526 R696e2 024447 10/01/2013 Ej. 1 04/12/2012 Institucional Libro Inventariado 2017 30000.00 11/12/2012
    Dewey Decimal Classification     Humboldt Bogotá Bogotá 04/06/2007 Instituto 2 IAVH-574.526 R696e2 024448 09/07/2015 Ej. 2 04/12/2012 Institucional Libro Inventariado 2017 30000.00 09/07/2015
    Local     Audiovisual Bogotá Bogotá 19/12/2013     IAVH-00706 059429 19/12/2013 V. 1 Ej. 1 19/12/2013   CD-ROM      
    Local     Audiovisual Bogotá Bogotá 19/12/2013     IAVH-00706 059428 19/12/2013 V. 2 Ej. 1 19/12/2013   CD-ROM      
    Dewey Decimal Classification     Humboldt Sala Fabio Quevedo Sala Fabio Quevedo 18/07/2014 Instituto   IAVH-574.526 R696e2 024446 04/12/2012 Ej. 2 04/12/2012   Libro Inventariado 2017 30000.00  
    Dewey Decimal Classification     Humboldt Sala Fabio Quevedo Sala Fabio Quevedo 23/07/2014 Instituto   IAVH-574.526 R696e2 038164 23/07/2014 Ej. 3 23/07/2014 Institucional Libro Inventariado 2017 30000.00  
    Local     Referencia Villa de Leyva Villa de Leyva 04/06/2007 CID Humboldt   IAVH-00706 024445 04/12/2012 Ej. 1 04/12/2012   Libro